000 01011nam0a2200313 i 4500
001 RU\NLR\BIBL_A\010401804
005 20240921190453.0
010 _a9785386073671
_95000
021 _aRU
_b14-26853
035 _a(NILC)RuMoRGB-006776280
035 _a(NLR Aleph) 010401804
090 _a9711125
_c9711125
100 _a20140616d2014 u y0rusy50 ca
101 0 _arus
102 _aRU
105 _ay|||z||||||y|
200 1 _aДомашний квас
_e[60 страниц лучших рецептов]
_fсост.: С. П. Кашин
210 _aМосква
_cРИПОЛ классик
_d2014
215 _a63 с.
_d20
225 1 _aЕще вкуснее и проще
606 1 _aКвас
_xРецептура
_92107081
_3RU\NLR\AUTH\661273761
686 1 _aЛ877
702 1 _aКашин
_bС. П.
_gСергей Павлович
_4220
801 0 _aRU
_bRuMoRKP
_c20140415
_gRCR
801 2 _aRU
_bРГБ
_c20140421
_grcr
942 _cBOOK
980 _aNBR